Harry Potter Info Quiz Stats

 Plays Quiz not verified by Sporcle

Support Sporcle.
Go Orange.
Score 0/11 Timer 06:00
0 Plays Today
Kids of harry for what are kids of harry 2011 % Correct
What is Harry's last name?Potter
91.1%
What was Hagrids three headed dogs name?Fluffy
90.4%
Hermione goes to the Yule Ball with...?Krum
87.3%
Ginny is possesed by whom?Tom Riddle
86.1%
Who shut the portal to platform 9 3/4?Dobby
85.6%
Harry dates whom in HAlf Blood PrinceGinny
85.4%
Harry is a blank for his team.seeker
84.2%
What's his moms maiden name?Evans
80.9%
Who is the first person to die in the 7th bookHedwig
39%
Harrys kids are namedAlbus, James and Lily
18.9%
What happened when Lockhart fixed Harry's arm?He lost all the bones
3.3%

You're not logged in!

Compare scores with friends on all Sporcle quizzes.
OR
Log In

From the Vault

Hinduism Basics

by Flick

13% of the world's population is Hindu, but how many of these basic facts do you know?
Remove Ads.
Support Sporcle.
Get the best of Sporcle when you Go Orange. This ad-free experience offers more features, more stats, and more fun while also helping to support Sporcle. Thank you for becoming a member.

Show Comments

Extras

Created Mar 11, 2011ReportNominate
Tags:Harry Potter Quiz, sad, Weird

Top Quizzes Today


Score Distribution

Your Account Isn't Verified!

In order to create a playlist on Sporcle, you need to verify the email address you used during registration. Go to your Sporcle Settings to finish the process.

Report this User

Report this user for behavior that violates our Community Guidelines.

Details: